| 000 | 00545nam a22001938a 4500 | ||
|---|---|---|---|
| 008 | |||
| 020 | _a1857151003 (pbk.) | ||
| 049 | _aMAIN | ||
| 090 | 0 |
_aPR6019.O9 _bJOY |
|
| 100 | 1 | _aJoyce, James | |
| 245 | 1 | 0 |
_aUlysses : _b with an introduction by Craig Raine / _cJames Joyce. |
| 260 |
_aLondon : _bDavid Campbell, _c1992. |
||
| 300 |
_axliv, 1084 p. ; _c24 cm. |
||
| 907 |
_a.b10329432 _b26-04-13 _c26-04-13 |
||
| 003 | |||
| 005 | 20230123122007.0 | ||
| 040 | _cNUST | ||
| 942 |
_cBOOKS _kPR6019.O9 _mJOY |
||
| 999 |
_c125951 _d125951 |
||